Представление документа в формате MARC21

Поле Инд. ПП Название Значение
Тип записи a
Библиографический уровень b
001 Контрольный номер 051a651d36744f7fad0c557ed48242c5
005 Дата корректировки 20230606115228.4
024 80 a Стандартный номер 10.3103/S0145875219050028
040 a Служба первич. каталог. Scopus
041 0_ a Код языка текста rus
097 a Костяева О.Г.
100 1_ a Автор Aleshin M. I.
100 1_ q Полное имя Гайнанов Валерий Гарифьянович
a Автор Gaynanov V. G.
u Дополнение Гайнанов В. Г.
c Титул (звания) доцент (ученое звание); доктор технических наук; профессор (должность);
i 000091194
k Кафедра общей и прикладной геофизики; Факультет естественных и инженерных наук
100 1_ a Автор Tokarev M. J.
100 1_ a Автор Rybalko A. E.
100 1_ a Автор Subetto D. A.
245 10 a Заглавие The Study of Sub-Bottom Sediments in Petrozavodsk Bay of Lake Onega Using Complex Geological-Geophysical Methods of Data Analysis
773 18 t Название источника Moscow university geology bulletin
b Сведения об издании Allerton Press, Inc.
c Россия
d Место и дата издания 2019
m Специф. данные входит в Scopus; входит в Wos; входит в ядро РИНЦ; журнал из перечня ВАК;ненулевой импакт-фактор
n Примечание Переводная версия "Вестник Московского университета. Серия 4: Геология"
x ISSN 0145-8752
g Прочая информация V. 74. - № 5. - P. 525-531
q Q3
o Прочие индексы wos-, scopus 0.36
w Контрольный № источника 9722423da78f4e69b7444040addf7574
901 t Тип документа b
952 c Вид литературы статья в журнале